Statistics for Countries that were never colonized by Europeans

Click here to take the quiz!

General Stats

  • This quiz has been taken 115 times
    (55 since last reset)
  • The average score is 11 of 14

Answer Stats

HintAnswer% Correct
10Japan
94%
9China
90%
14South Korea
86%
2 (Disputed)Ethiopia
82%
13North Korea
82%
11Thailand
82%
4Iran
78%
8Bhutan
73%
1Liberia
73%
6Afghanistan
71%
7Nepal
71%
5Saudi Arabia
71%
12 (disputed)Mongolia
69%
3Turkey
63%

Score Distribution

Percentile by Number Answered

Percent of People with Each Score

Your Score History

You have not taken this quiz since the last reset